MARC details
| 000 -LEADER |
| fixed length control field |
02996nam a2200361 a 4500 |
| 008 - FIXED-LENGTH DATA ELEMENTS--GENERAL INFORMATION |
| fixed length control field |
120416s1997 ||||||||||||||||| || u |
| 020 ## - INTERNATIONAL STANDARD BOOK NUMBER |
| International Standard Book Number |
0821335766 |
| 050 ## - LIBRARY OF CONGRESS CALL NUMBER |
| Classification number |
IBRD(058)WDI/A |
| 110 ## - MAIN ENTRY--CORPORATE NAME |
| Corporate name or jurisdiction name as entry element |
World Bank |
| 245 14 - TITLE STATEMENT |
| Title |
The World Bank Atlas |
| 260 ## - PUBLICATION, DISTRIBUTION, ETC. |
| Place of publication, distribution, etc. |
Washington, D. C. |
| Name of publisher, distributor, etc. |
World Bank |
| Date of publication, distribution, etc. |
1997 |
| 300 ## - PHYSICAL DESCRIPTION |
| Extent |
48p. : ill. |
| 350 ## - |
| -- |
0.00 |
| 362 1# - |
| -- |
1990 - 2004 |
| 500 ## - GENERAL NOTE |
| General note |
From World Tables and World Development Indicators |
| 650 ## - SUBJECT ADDED ENTRY--TOPICAL TERM |
| Topical term or geographic name entry element |
ATLASES, WORLD BANK |
| 650 #0 - SUBJECT ADDED ENTRY--TOPICAL TERM |
| Topical term or geographic name entry element |
ECONOMIC DEVELOPMENT--STATISTICS |
| 995 ## - |
| -- |
SPECIAL COLLECTIONS |
| -- |
55786 |
| -- |
CBU-MAIN LIBRARY (Kitwe) |
| -- |
0.00 |
| -- |
IBRD(058)WDI/A/2004 |
| -- |
15 |
| -- |
AVAILABLE |
| -- |
Apr 17, 2014 |
| -- |
55786 |
| -- |
International Publications |
| 995 ## - |
| -- |
SPECIAL COLLECTIONS |
| -- |
0.00 |
| -- |
022092 |
| -- |
CBU-MAIN LIBRARY (Kitwe) |
| -- |
1 |
| -- |
0.00 |
| -- |
IBRD(058)WDI/A/1998 |
| -- |
2 |
| -- |
AVAILABLE |
| -- |
Apr 17, 2008 |
| -- |
022092 |
| -- |
International Publications |
| 995 ## - |
| -- |
SPECIAL COLLECTIONS |
| -- |
0.00 |
| -- |
025198 |
| -- |
CBU-MAIN LIBRARY (Kitwe) |
| -- |
1 |
| -- |
0.00 |
| -- |
IBRD(058)WDI/A/1996 |
| -- |
4 |
| -- |
AVAILABLE |
| -- |
Apr 17, 2008 |
| -- |
025198 |
| -- |
International Publications |
| 995 ## - |
| -- |
SPECIAL COLLECTIONS |
| -- |
028322 |
| -- |
CBU-MAIN LIBRARY (Kitwe) |
| -- |
0.00 |
| -- |
IBRD(058)WDI/A/2000 |
| -- |
11 |
| -- |
AVAILABLE |
| -- |
Apr 17, 2014 |
| -- |
028322 |
| -- |
International Publications |
| 995 ## - |
| -- |
SPECIAL COLLECTIONS |
| -- |
46378 |
| -- |
CBU-MAIN LIBRARY (Kitwe) |
| -- |
0.00 |
| -- |
IBRD(058)WDI/A/2002 |
| -- |
13 |
| -- |
AVAILABLE |
| -- |
Apr 17, 2014 |
| -- |
46378 |
| -- |
International Publications |
| 995 ## - |
| -- |
SPECIAL COLLECTIONS |
| -- |
45022 |
| -- |
CBU-MAIN LIBRARY (Kitwe) |
| -- |
0.00 |
| -- |
IBRD(058)WDI/A/2001 |
| -- |
12 |
| -- |
AVAILABLE |
| -- |
Apr 17, 2014 |
| -- |
45022 |
| -- |
International Publications |
| 995 ## - |
| -- |
SPECIAL COLLECTIONS |
| -- |
0.00 |
| -- |
025162 |
| -- |
CBU-MAIN LIBRARY (Kitwe) |
| -- |
1 |
| -- |
0.00 |
| -- |
IBRD(058)WDI/A/1992 |
| -- |
8 |
| -- |
AVAILABLE |
| -- |
Apr 17, 2008 |
| -- |
025162 |
| -- |
International Publications |
| 995 ## - |
| -- |
SPECIAL COLLECTIONS |
| -- |
9006121 |
| -- |
CBU-MAIN LIBRARY (Kitwe) |
| -- |
0.00 |
| -- |
IBRD(058)WDI/A/1990 |
| -- |
10 |
| -- |
AVAILABLE |
| -- |
Apr 17, 2014 |
| -- |
90006121 |
| -- |
International Publications |
| 995 ## - |
| -- |
SPECIAL COLLECTIONS |
| -- |
0.00 |
| -- |
020654 |
| -- |
CBU-MAIN LIBRARY (Kitwe) |
| -- |
1 |
| -- |
0.00 |
| -- |
IBRD(058)WDI/A/1997 |
| -- |
3 |
| -- |
AVAILABLE |
| -- |
020654 |
| -- |
International Publications |
| 995 ## - |
| -- |
SPECIAL COLLECTIONS |
| -- |
0.00 |
| -- |
025444 |
| -- |
CBU-MAIN LIBRARY (Kitwe) |
| -- |
1 |
| -- |
0.00 |
| -- |
IBRD(058)WDI/A/1994 |
| -- |
7 |
| -- |
AVAILABLE |
| -- |
Apr 17, 2008 |
| -- |
025444 |
| -- |
International Publications |
| 995 ## - |
| -- |
SPECIAL COLLECTIONS |
| -- |
0.00 |
| -- |
025199 |
| -- |
CBU-MAIN LIBRARY (Kitwe) |
| -- |
1 |
| -- |
0.00 |
| -- |
IBRD(058)WDI/A/1995B |
| -- |
6 |
| -- |
AVAILABLE |
| -- |
Apr 17, 2008 |
| -- |
025199 |
| -- |
International Publications |
| 995 ## - |
| -- |
SPECIAL COLLECTIONS |
| -- |
0.00 |
| -- |
024916 |
| -- |
CBU-MAIN LIBRARY (Kitwe) |
| -- |
1 |
| -- |
0.00 |
| -- |
IBRD(058)WDI/A/1991 |
| -- |
9 |
| -- |
AVAILABLE |
| -- |
Apr 17, 2008 |
| -- |
024916 |
| -- |
International Publications |
| 995 ## - |
| -- |
SPECIAL COLLECTIONS |
| -- |
56174 |
| -- |
CBU-MAIN LIBRARY (Kitwe) |
| -- |
0.00 |
| -- |
IBRD(058)WDI/A/2003 |
| -- |
14 |
| -- |
AVAILABLE |
| -- |
Apr 17, 2014 |
| -- |
56174 |
| -- |
International Publications |
| 995 ## - |
| -- |
SPECIAL COLLECTIONS |
| -- |
0.00 |
| -- |
027316 |
| -- |
CBU-MAIN LIBRARY (Kitwe) |
| -- |
1 |
| -- |
0.00 |
| -- |
IBRD(058)WDI/A/1999 |
| -- |
1 |
| -- |
AVAILABLE |
| -- |
Apr 17, 2008 |
| -- |
027316 |
| -- |
International Publications |
| 995 ## - |
| -- |
SPECIAL COLLECTIONS |
| -- |
0.00 |
| -- |
026519 |
| -- |
CBU-MAIN LIBRARY (Kitwe) |
| -- |
1 |
| -- |
0.00 |
| -- |
IBRD(058)WDI/A/1995A |
| -- |
5 |
| -- |
AVAILABLE |
| -- |
Apr 17, 2008 |
| -- |
026519 |
| -- |
International Publications |
| 999 ## - |
| -- |
83203 |
| -- |
83203 |